logo

Bir Sreshtho Munshi Abdur Rouf Library
Jhenaidah Cadet College

The Holy Qur'an / (Record no. 6372)

MARC details
000 -LEADER
fixed length control field 00519nam a2200217 a 4500
001 - CONTROL NUMBER
JCCL Control Number 6372
003 - CONTROL NUMBER IDENTIFIER
JCCL marc code BD-JhCC
005 - DATE AND TIME OF LATEST TRANSACTION
control field 20180122161459.0
008 - FIXED-LENGTH DATA ELEMENTS--GENERAL INFORMATION
fixed length control field 180122s1983 u |||| || | 001 0 eng d
035 ## - SYSTEM CONTROL NUMBER
system control number (BD-JhCC)6372
040 ## - CATALOGING SOURCE
Original cataloging agency BD-JhCC
Modifying agency BD-JhCC
041 ## - LANGUAGE CODE
Language code of Book eng
082 ## - DEWEY DECIMAL CLASSIFICATION NUMBER
Classification number 297.1227
Author mark and Year ALI 1983
100 ## - MAIN ENTRY--PERSONAL NAME
Personal name Ali, A. Yusuf
245 ## - TITLE STATEMENT
Title The Holy Qur'an /
Statement of responsibility, etc A. Yusuf Ali,
260 ## - PUBLICATION, DISTRIBUTION, ETC. (IMPRINT)
Place of publication, distribution, etc USA :
Name of publisher, distributor, etc Amana Corp.
Date of publication, distribution, etc 1983
300 ## - PHYSICAL DESCRIPTION
Pagination 1862 p. :
Dimensions 24 cm.
650 ## - SUBJECT ADDED ENTRY--TOPICAL TERM
Topical term or geographic name as entry element Al-Qur'an
942 ## - ADDED ENTRY ELEMENTS (KOHA)
Source of classification or shelving scheme Dewey Decimal Classification
Koha item type Books
Holdings
Source of classification or shelving scheme Damaged status Not for loan Home library Current library Shelving location Date of accession Total Checkouts Full call number Barcode Date last seen Date checked out Copy number Koha item type
Dewey Decimal Classification     JCC Rouf Library JCC Rouf Library General Stacks 01/22/2018 1 297.1227 ALI 1983 759 03/14/2024 11/15/2023 C-1 Books

JCC Library | Contacts | JCC Home

Last Update on 23 September 2017
Copyright @ 2017-2020 JCC Rouf Library
Rouf Library, Jhenidah Cadet College (JCC), Bangladesh